| 000 | 00000nas 2200000za 4500 |
| 001 | 9.504054 |
| 003 | CaOODSP |
| 005 | 20230913152907 |
| 007 | cr ||||||||||| |
| 008 | 150406c1999||||xxc|| p o||||f| |0fre|d |
| 022 | |a1497-9055 |
| 040 | |aCaOODSP|bfre |
| 043 | |an-cn--- |
| 086 | 1 |aSW1-1F-pdf |
| 110 | 1 |aCanada. |bCondition féminine Canada. |
| 245 | 10|aRapport de situation de ... sur la mise en oeuvre de l'article 41 de la Loi sur les langues officielles |h[ressource électronique] |
| 246 | 1 |iTitre de renvoi : |aBilan des réalisations de ... sur la mise en oeuvre de l’article 41 de la Loi sur les langues officielles |
| 260 | |aOttawa - Ontario : |bCondition féminine Canada |
| 310 | |aAnnuel |
| 362 | 1 |a1999/2000--2003/2004 |
| 691 | 07|aLangue officielle|2gcpds |
| 775 | 08|tStatus report for ... on implementation of section 41 of the Official Languages Act |w(CaOODSP)9.507670 |
| 785 | 00|tCondition féminine Canada, état des réalisations axé sur les résultats : |w(CaOODSP)9.502843 |